03070nam a2200313 a 4500001001000000003000900010005001700019008004100036040002500077082002100102100003100123245006300154250001100217260003600228300002000264490002700284505119700311505064601508590002602154600004402180651005302224651005402277830003402331910003702365942001402402952019702416952012602613999001702739000022333DO-SdBNP20250621074006.0090331s1984 dr 000 0 spa d aDO-SdBNPbspacBNPHU a301bC352e, 19841 aCastillo, José del9214510aEnsayos de sociología dominicana /cJosé del Castillo. a2a ed. aSanto Domingo :bTaller,c1984. a210 p. ;c21cm.10aBiblioteca Tallerv1640 aDedicatoria Reconocimiento -- Prólogo -- Política-- Elecciones -- El comportamiento electoral dominicano -- Elecciones del 62 : entre conservación y reforma -- Elecciones del 66 : entre la guerra y la paz -- El fantasma de la reelección -- La antesala agraria de la reelección -- El desacuerdo del acuerdo -- Atrapado por los cambios -- El desgaste del modelo -- La viabilidad del cambio -- BALAGUER Autorretrato hablado de Joaquin Balaguer -- Balaguer y el autoritarismo corporativo -- PRD PRD : conflicto de élites y carismas -- El problema del carisma -- Alianzas políticas y escisión del PRD -- El caso del PRD en el contexto latinoamericano -- PARTIDOS Las tendencias centrífugas de la política dominicana -- SINDICATOS La atomización del movimiento sindical -- El empresario a la palestra -- Sociedad -- Braceros -- El problema de los braceros : orígenes -- Nuestra dependencia del bracero haitiano -- La paradoja d ela zafra -- El factor humano en la caña -- Las lecciones del corte tradicional modificado -- El habitat del bracer -- La dominicanización de la zafra -- Cambios sociales -- La velocidad del cambio -- La explosión urbana -- Prejuicio racial0 aLa frontera invisible del prejuicio --Dominicanos ausentes -- Parámetros presentes de los dominicanos ausentes -- Los dominicanos ausentes y el derecho al voto -- Historia --Imigraciones -- El sueño dorado de las migraciones blancas -- Hostos y la panacea migratoria -- La inmigración amarilla -- Imágenes dominicanas del haitiano -- La inmigración haitiana : orígenes -- Demografía de la inmigración haitiana -- Meriño -- Meriño y el pensamiento conservador dominicano -- El sacerdote se calza de botas -- Comunicación y política -- El telégrafo maquiavélico -- Trabao y ocio -- Nuestra proverbial haraganería. aInventariado, 2018/VM10a Balaguer, Joaquín,d1906-200297655614aRepública DominicanaxCondiciones sociales94610aRepública DominicanaxPolítica y gobierno945 0aBiblioteca Tallern164946092 aValidado. Control de calidad MFF 2ddccLBS1 00102ddc51708PDaBNPHUbBNPHUcCTd2010-09-27eDonaciónoBNPHU PD 301 C352e 1984p22333-10r2020-06-25w2020-06-25yLBS1zPerteneció a la biblioteca personal de la familia Reyes Duluc. 00102ddc51708PDaBNPHUbBNPHUcHDd2015-01-28oBNPHU PD 301 C352e, 1984p22333-20r2020-06-25te. 2w2020-06-25yLBS1 c21831d21831